| 000 | 00385nam a22001337a 4500 | ||
|---|---|---|---|
| 082 |
_a370.114 _bSAE _cL-30-II, P-205 |
||
| 100 | _aRashid, saeed | ||
| 245 |
_aشادباد منزلِ مراد _cSaeed rashid |
||
| 260 |
_aLahore. _bChaudhry bashir ahmad _cc1989. |
||
| 300 |
_a480 p. _bill. _c20 cm. |
||
| 526 |
_a0 _b0 _c0 _d370_114000000000000_SAE |
||
| 650 |
_aMCE _9379 |
||
| 942 |
_2ddc _cBK |
||
| 999 |
_c550283 _d550283 |
||